Normal view
MARC view
- Hawkes, D. J
Entry Personal Name
001 - CONTROL NUMBER
- control field: 100456
003 - CONTROL NUMBER IDENTIFIER
- control field: NUST
005 - DATE AND TIME OF LATEST TRANSACTION
- control field: 20221017124718.0
008 - FIXED-LENGTH DATA ELEMENTS
- fixed length control field: 221017|| aca||aabn | a|a d
040 ## - CATALOGING SOURCE
- Original cataloging agency: NUST
- Transcribing agency: NUST
100 ## - HEADING--PERSONAL NAME
- Personal name: Hawkes, D. J
670 ## - SOURCE DATA FOUND
- Source citation: Work cat.: (NUST)189523: Joseph V. Hajnal 100454, Medical image registration /, c2001.
